书目信息 |
| 题名: |
持续生态与环境
|
|
| 作者: | 董险峰 著 | |
| 分册: | ||
| 出版信息: | 北京 中国环境科学出版社 2006 |
|
| 页数: | 361页 | |
| 开本: | 23cm | |
| 丛书名: | ||
| 单 册: | ||
| 中图分类: | X171.1 | |
| 科图分类: | ||
| 主题词: | 生态环境--研究--中国 , 生态环境 | |
| 电子资源: | ||
| ISBN: | 7-80163-323-7 | |
| 000 | 00893nam0 2200253 450 | |
| 001 | 003283020 | |
| 005 | 20070807164519.59 | |
| 010 | @a7-80163-323-7@dCNY36.00 | |
| 035 | @a003283020 | |
| 100 | @a20060124d2006 em y0chiy0110 ea | |
| 101 | 0 | @achi |
| 102 | @aCN@b110000 | |
| 105 | @ay z 000yy | |
| 106 | @ar | |
| 200 | 1 | @a持续生态与环境@Achi xu sheng tai yu huan jing@f董险峰著@Fdong xian feng zhu |
| 210 | @a北京@c中国环境科学出版社@d2006 | |
| 215 | @a361页@d23cm | |
| 330 | @a本书围绕着中国现代化进程中的生态环境问题,用社会科学、自然科学、技术科学交叉和综合研究的方法,从哲学、社会、法律、制度和政策、管理、外交、科技等各个领域进行了深入的分析和研究,并力图从维持生态平衡的角度解决问题。 | |
| 606 | 0 | @a生态环境@x研究@y中国 |
| 606 | 0 | @a生态环境 |
| 690 | @aX171.1@v4 | |
| 701 | 0 | @a董险峰@Adong xian feng@f(1962~)@4著 |
| 801 | 0 | @aCN@bNLC@c20070807 |
| 905 | @dX171.1@e176@f3 | |
| 持续生态与环境/董险峰著.-北京:中国环境科学出版社,2006 |
| 361页;23cm |
| ISBN 7-80163-323-7:CNY36.00 |
| 本书围绕着中国现代化进程中的生态环境问题,用社会科学、自然科学、技术科学交叉和综合研究的方法,从哲学、社会、法律、制度和政策、管理、外交、科技等各个领域进行了深入的分析和研究,并力图从维持生态平衡的角度解决问题。 |
| ● |
| 相关链接 |
|
|
|
|
正题名:持续生态与环境
索取号:X171.1/176
 
预约/预借
| 序号 | 登录号 | 条形码 | 馆藏地/架位号 | 状态 | 备注 |
| 1 | 0853959 | 208539599 | 第二样本阅览室/ [索取号:X171.1/176] | 在馆 | |
| 2 | 0853960 | 208539606 | 第三借阅区/ [索取号:X171.1/176] | 在馆 | |
| 3 | 0853961 | 208539615 | 第三借阅区/ [索取号:X171.1/176] | 在馆 |